| 000 | 00419nam a22001457a 4500 | ||
|---|---|---|---|
| 001 | 45642 | ||
| 003 | BD-DhUET | ||
| 008 | 260401b xxu||||| |||| 00| 0 eng d | ||
| 040 |
_c0 _dBD-DhUET |
||
| 110 | _aGovernment of Bangladesh | ||
| 245 | _aWhite paper 2024 state of the Bangladesh economy dissection of a development narrative | ||
| 260 |
_aDhaka _bGovernment of Bangladesh _c2024 |
||
| 300 | _axiv, 387p. | ||
| 942 | _cCP | ||
| 999 |
_c45642 _d45642 |
||